=LDR 00000nam 2200000 4500 =001 INLIS000000000029364 =005 20140705170113.0 =006 =007 =008 ind =035 ##$$a 0010-061300000029364 =041 ##$$a ind =082 ##$$a 616.97 =090 ##$$a 616.97, TAN i =100 ##$$a Tana, Susilawati =245 ##$$a Infeksi menular seksual, terkendalikah?, Susilawati Tana =260 ##$$a Universitas Gadjah Mada $b Yogyakarta =300 ##$$a xiii, 111 hlm., ilus., 21 cm =650 ##$$a Infeksi Menular Seksual =850 ##$$a NBPNMAT =990 ##$$a 21400613/BPAP-NTB/20142014